Dictionnaire de discipline ecclesiastique ou traité du gouvernement de l'Eglise

Saved in:
書目詳細資料
主要作者: Bourassé, J.-J
格式: 圖書
語言:法语
出版: París, Francia J. P.Migne 1856
主題:
標簽: 添加標簽
沒有標簽, 成為第一個標記此記錄!

MARC

LEADER 00000cam a2200000 a 4500
001 UCD3495
003 CL-VaPUC
005 20220122074450.0
008 160609e18560000fr |||||||||||||||||fre|d
999 |c 364531  |d 364529 
040 |c Pontificia Universidad Católica de Valparaíso 
082 0 4 |a 230.03 BOU 1856  |2 21 
100 0 |a Bourassé, J.-J  |9 587006 
245 1 0 |a Dictionnaire de discipline ecclesiastique ou traité du gouvernement de l'Eglise 
260 0 3 |a París, Francia  |b J. P.Migne  |c 1856 
300 |a t 
583 |a last modification  |c 20160609 22:21:00  |k Rodrigo Vera 
650 7 |a TEOLOGIA CATOLICA  |2 CL-VaPUC  |9 394698 
650 0 |a Diccionarios  |9 256200 
942 |c BK  |2 ddc 
945 |d 20160609 22:21:00  |a dcastane 
952 |0 0  |1 0  |2 ddc  |3 erd  |4 0  |6 230_030000000000000_BOU_1856  |7 0  |8 X  |9 477838  |a BIBTEO  |b BIBTEO  |c TEO_FFR  |h t.2  |i 5236312  |o 230.03 BOU 1856  |p 5236312  |r 2024-01-18  |t 1  |w 2019-11-24  |y BK_X  |z Catalogado en:20160609  |k OFM